000 00780 a2200181 4500
999 _c7072
_d7072
020 _a1565634861 (pbk.)
050 0 0 _aBT481WED1999
100 1 _aWedderburn, A. J. M.
245 1 0 _aBeyond Resurrection /
_cA.J.M. Wedderburn.
264 _aLondon:
_bHendrickson,
_c1999
300 _axiv, 306 p. ;
500 _aincludes index
504 _aIncludes bibliographical references (p. [227]-248) and indexes.
650 _ahistorical Impasse
856 4 2 _3Publisher description
_uhttp://www.loc.gov/catdir/description/hend021/99048360.html
942 _2lcc
_cBK
_h481
_iWED
_kBT